000 02198nam a22002417a 4500
100 _aKruzelak, J
245 _aElectromagnetic absorption characteristics of manganese-zinc ferrite and multiwalled carbon nanotube-filled composites based on NBR
260 _bRubber Chemistry and Technology, 95(2): 300-321
_c2022
520 _aComposites based on acrylonitrile–butadiene rubber, carbon nanotubes, and manganese–zinc ferrite were fabricated and tested for electromagnetic interference (EMI) absorption shielding. First, carbon nanotubes and ferrite were solely used for the preparation of rubber composites. Then, carbon nanotubes were combined with magnetic filler and incorporated into the rubber matrix. The results revealed that carbon nanotubes act as reinforcing filler and significantly enhance the physical–mechanical properties of composites. The presence of carbon nanotubes in the rubber matrix also results in an outstanding increase in electrical conductivity and permittivity of composite materials, as a consequence of which the EMI absorption shielding was poor in the tested frequency range of 1 MHz to 3 GHz. On the other hand, ferrite-filled composites are able to efficiently absorb electromagnetic radiation emitted from various electronic and radiation sources. However, the tensile strength of the composites showed a decreasing trend with increasing content of ferrite. The combination of carbon nanotubes with manganese–zinc ferrite resulted in an improvement in the physical–mechanical properties of hybrid composites. As the permittivity of hybrid composites was still much higher in comparison with those filled only with ferrite, only the composite filled with 5 phr of carbon nanotubes and 100 phr of ferrite showed a slight EMI absorption shielding ability over the tested frequency range.
650 _aNBR
650 _aCarbon nanotube
700 _aKvasnicakova, A
700 _aHlozekova, K
700 _aDzuganova, M
700 _aGregorova, J
700 _aVilcakova, J
700 _aGoralik, M
700 _aHronkovic, J
700 _aPreto, J
700 _aHudec, I
856 _uhttps://doi.org/10.5254/rct.22.77986
942 _cJS
999 _c74932
_d74932